Resins in tyre compounds (Record no. 66821)

MARC details
000 -LEADER
fixed length control field 00435nam a2200133Ia 4500
100 ## - MAIN ENTRY--AUTHOR NAME
Personal name Steger L
245 #0 - TITLE STATEMENT
Title Resins in tyre compounds
260 ## - PUBLICATION, DISTRIBUTION, ETC. (IMPRINT)
Name of publisher International Rubber Conference 1997. Rubber Science and Technology: Improving Quality of Life, Kuala Lumpur, Malaysia 6-9 Oct 1997; p458-462
650 ## - SUBJECT ADDED ENTRY--TOPICAL TERM
Topical Term Tyre compounds
700 ## - ADDED ENTRY--PERSONAL NAME
Personal name Hillner K
700 ## - ADDED ENTRY--PERSONAL NAME
Personal name Schroter S
942 ## - ADDED ENTRY ELEMENTS (KOHA)
Koha item type Journals
Holdings
Withdrawn status Lost status Damaged status Not for loan Home library Current library Shelving location Date acquired Koha item type
      Journals RRII Library RRII Library Rubber chemistry 17/12/2021 Journals